[Event "Abel Cardona Open"]
[Site "Cali COL"]
[Date "2000.12.20"]
[Round "6"]
[White "Contreras,H"]
[Black "Urday,H"]
[Result "0-1"]
[WhiteElo "2324"]
[BlackElo "2486"]

1.e4 c5 2.Nf3 e6 3.d4 cxd4 4.Nxd4 a6 5.Bd3 Nf6 6.O-O Qc7 7.Kh1 d6 8.c4 Nbd7
9.Qe2 g6 10.Nc3 Bg7 11.Bg5 h6 12.Be3 O-O 13.f4 Re8 14.Qf3 b6 15.Rae1 Bb7
16.Bb1 Rad8 17.Qh3 Nh5 18.Nde2 Qb8 19.Ng3 Nhf6 20.Bd3 Bc6 21.Bc1 Qc7 22.Rf2 b5
23.cxb5 axb5 24.b4 Nf8 25.Bc2 N6d7 26.Nd1 Nh7 27.Rfe2 h5 28.Bd2 Ra8 29.Bb3 Ndf6
30.Nf2 Bh6 31.Qh4 Kg7 32.Bc3 e5 33.Nh3 Bd7 34.fxe5 dxe5 35.Rf2 g5 36.Nxh5+ Kh8
37.Qg3 Nxh5 38.Qf3 N5f6 39.Bxf7 Rf8 40.Bh5 g4 41.Qg3 gxh3  0-1

[Event "Abel Cardona Open"]
[Site "Cali COL"]
[Date "2000.12.21"]
[Round "7"]
[White "Lopez,CM"]
[Black "Zuluaga,C"]
[Result "1-0"]
[WhiteElo "2346"]
[BlackElo "2196"]

1.e4 c5 2.Nf3 e6 3.d4 cxd4 4.Nxd4 a6 5.Bd3 Nf6 6.O-O Qc7 7.Qe2 d6 8.c4 Be7
9.Nc3 O-O 10.f4 Nbd7 11.Kh1 Nc5 12.Bc2 e5 13.Nf5 Bxf5 14.exf5 Rfe8 15.fxe5 dxe5
16.Bg5 Ncd7 17.Ba4 Red8 18.Bxd7 Rxd7 19.Bxf6 Bxf6 20.Nd5 Qc6 21.a4 Rc8 22.a5 Rd6
23.b3 Re8 24.Qe4 Bg5 25.Rad1 Rh6 26.g3 Rd6 27.Rd3 h5 28.h4 Bd8 29.b4 Be7
30.Rfd1 Bf8 31.Kh2 g6 32.Rf1 Rc8 33.c5 Rxd5 34.Qxd5 Bg7 35.Qxc6 bxc6 36.fxg6 fxg6
37.Rd7 Rb8 38.Rff7 Bf8 39.Rf6 Rxb4 40.Rxg6+ Kh8 41.Rxc6  1-0

[Event "1st Wilhelm Steinitz Mem B"]
[Site "Prague CZE"]
[Date "2000.12.27"]
[Round "2"]
[White "Resika,N"]
[Black "Forman,S"]
[Result "0-1"]
[WhiteElo "2267"]
[BlackElo "2220"]

1.e4 c5 2.Nf3 e6 3.d4 cxd4 4.Nxd4 a6 5.Bd3 g6 6.O-O Bg7 7.Nb3 Ne7 8.c4 O-O
9.Nc3 Nbc6 10.Be3 d5 11.Bg5 h6 12.Bf4 d4 13.Ne2 e5 14.Bd2 g5 15.Ng3 Ng6 16.c5 Be6
17.Rc1 a5 18.Bc4 Qd7 19.Bxe6 Qxe6 20.a4 Rfc8 21.Nf5 Bf8 22.Qc2 Nb4 23.Bxb4 axb4
24.a5 Nf4 25.Qc4 Qxc4 26.Rxc4 Nd3 27.Rc2 Rc6 28.Rd1 Nxc5 29.Nxc5 Rac8 30.Rc4 Rxc5
31.Rxc5 Rxc5 32.g4 Kh7 33.Ra1 Rc6 34.Kg2 b3 35.Kf3 Bb4 36.Ra4 Bf8 37.h3 Rc3+
38.Kg2 d3 39.Ra1 Rc2 40.a6 bxa6 41.Rd1 d2 42.Kf3 Rxb2 43.Ke2 Bb4 44.Kf3 Rc2
45.Ne3 Rc1  0-1

[Event "Ambassador Open"]
[Site "Bern SUI"]
[Date "2000.12.29"]
[Round "6"]
[White "Pavlovic,Mi"]
[Black "Gilles,R"]
[Result "1-0"]
[WhiteElo "2461"]
[BlackElo "2250"]

1.e4 c5 2.Nf3 e6 3.d4 cxd4 4.Nxd4 a6 5.Bd3 g6 6.c4 Bg7 7.Nf3 Nc6 8.O-O d6
9.Nc3 Nf6 10.Qe2 O-O 11.Rd1 b6 12.Bf4 Ra7 13.Bc2 Rd7 14.h3 Bb7 15.Rd2 Qc7
16.Ba4 Rfd8 17.Rad1 Bf8 18.Qe3 Be7 19.Rc2 Rc8 20.Nd5 exd5 21.cxd5 b5 22.dxc6 Bxc6
23.Bb3 Qd8 24.Ng5 Bf8 25.Nxf7 Rxf7 26.e5 Ne8 27.Bg5 Be7 28.Bxf7+ Kxf7 29.Bxe7 Kxe7
30.exd6+ Kd7 31.Qa7+ Ke6 32.d7  1-0

[Event "Christmas Open"]
[Site "Zurich SUI"]
[Date "2000.12.29"]
[Round "5"]
[White "Glauser,H"]
[Black "Cvitan,O"]
[Result "0-1"]
[WhiteElo "2281"]
[BlackElo "2541"]

1.e4 c5 2.Nf3 e6 3.d4 cxd4 4.Nxd4 a6 5.Bd3 Nf6 6.O-O d6 7.c4 Bd7 8.Nc3 Nc6
9.Be3 Be7 10.Rc1 O-O 11.Qe2 Ne5 12.Bb1 Rc8 13.b3 Re8 14.h3 Qa5 15.Bd2 Qc7
16.Be3 Ng6 17.Qd2 Qb8 18.a4 Bd8 19.f4 Ba5 20.Nf3 Bc6 21.e5 dxe5 22.fxe5 Nxe5
23.Nxe5 Qxe5 24.Rxf6 Qxf6 25.Qd3 Qg6 26.Qe2 f5  0-1

[Event "Christmas Open"]
[Site "Zurich SUI"]
[Date "2000.12.29"]
[Round "6"]
[White "Pikula,D"]
[Black "Milosevic,G"]
[Result "1/2-1/2"]
[WhiteElo "2503"]
[BlackElo "2334"]

1.e4 c5 2.Nf3 e6 3.d4 cxd4 4.Nxd4 a6 5.Bd3 Nf6 6.O-O Qc7 7.Qe2 d6 8.c4 g6
9.Nc3 Bg7 10.Nf3 O-O 11.h3 Nc6 12.Bf4 Nd7 13.Rac1 Nce5 14.b3 b6 15.Bb1 Bb7
16.Rfd1 Rfe8 17.Nd4 Bf8 18.Bg3 Rac8 19.Qd2 Qb8 20.Nde2 Nf6 21.Kh1 Ba8 22.a4 Nh5
23.Bh2 Red8 24.Qe3 Nf6 25.Rd2 Nfd7 26.Rcd1 Nc5 27.Bc2 Nc6 28.Nc1 Ne5 29.f4 Bh6
30.Qg3  1/2-1/2

[Event "Open"]
[Site "Ano Liosia GRE"]
[Date "2000.12.30"]
[Round "4"]
[White "Schmaltz,R"]
[Black "Szieberth,A"]
[Result "1-0"]
[WhiteElo "2523"]
[BlackElo "2421"]

1.e4 c5 2.Nf3 e6 3.d4 cxd4 4.Nxd4 a6 5.Bd3 d5 6.exd5 Qxd5 7.O-O Nf6 8.Nc3 Qd8
9.Be3 Be7 10.Qf3 O-O 11.Rad1 Qc7 12.Rfe1 Nbd7 13.Bf4 Qc5 14.Qh3 Qh5 15.Qg3 Qg4
16.Nd5 Bc5 17.Nc7 Ra7 18.Nb3 Bb6 19.Bd6 Qxg3 20.hxg3 Rd8 21.c4 Ne8 22.Nxe8 Rxe8
23.c5 Bd8 24.Be4 Nf6 25.Bf3 Bd7 26.Nd4 Nd5 27.Nc2 Bf6 28.Bxd5 exd5 29.Rxe8+ Bxe8
30.Ne3 Bxb2 31.Nxd5 Ra8 32.Rb1 Ba3 33.Rb3 Bc1 34.Nc7 Rc8 35.Nxe8 Rxe8 36.Rxb7 Ba3
37.Rb3 Bc1 38.c6  1-0

[Event "108th ch-NZL"]
[Site "Auckland NZL"]
[Date "2000.12.30"]
[Round "1"]
[White "Garbett,P"]
[Black "Barlow,M"]
[Result "1-0"]
[WhiteElo "2368"]
[BlackElo "2166"]

1.e4 c5 2.Nf3 e6 3.d4 cxd4 4.Nxd4 a6 5.Bd3 Nf6 6.O-O Qc7 7.Kh1 Nc6 8.Nxc6 bxc6
9.c4 d5 10.Nd2 Be7 11.Qe2 O-O 12.e5 Nd7 13.f4 g6 14.b3 a5 15.Bb2 Nc5 16.Bc2 Rb8
17.Qe3 Ba6 18.Rab1 Rfe8 19.Rfc1 Qd8 20.Bd4 Nd7 21.c5 Qc7 22.Qc3 Ra8 23.Bd1 Reb8
24.Qe3 Qa7 25.Rc3 Rb4 26.Rbc1 Rbb8 27.Bg4 Nf8 28.Bh3 Bc8 29.a3 Rb5 30.g4 Bd8
31.Rf1 Rb7 32.Rg1 Re7 33.f5 exf5 34.gxf5 f6 35.fxg6 hxg6 36.Bxc8 Rxc8 37.Qh3 Qd7
38.exf6 Qxh3 39.Rxh3 Rf7 40.Rf3 Rcc7 41.Rf4 Ne6 42.Rh4 g5 43.Rh6  1-0

[Event "XXVI Open"]
[Site "Seville ESP"]
[Date "2001.01.16"]
[Round "5"]
[White "Korneev,O"]
[Black "Spraggett,K"]
[Result "1/2-1/2"]
[WhiteElo "2600"]
[BlackElo "2526"]

1.e4 c5 2.Nf3 e6 3.d4 cxd4 4.Nxd4 a6 5.Bd3 Nf6 6.O-O d6 7.c4 Be7 8.Nc3 O-O
9.Kh1 Nbd7 10.f4 g6 11.Nf3 Qc7 12.Bd2 b6 13.Ng5 Bb7 14.Qf3 h6 15.Nh3 Kg7
16.Rac1 Rac8 17.b3 Rfe8 18.Bb1 Bf8 19.Nf2 Kg8 20.Ne2 Bg7 21.Qh3 Qd8 22.Ng3 Qe7
23.Rce1 Qf8 24.e5 Nh7 25.Ng4 Kh8 26.Bb4 Nc5 27.exd6 Qxd6 28.Nxh6 Qf8 29.Ng4 Kg8
30.f5 exf5 31.Nxf5 Rxe1 32.Rxe1 gxf5 33.Bxf5 Ng5 34.Qh5 Qd8 35.Bxc8 Bxc8
36.Nh6+ Bxh6 37.Qxh6 Nge4 38.Bxc5 bxc5 39.Qf4 f5 40.h3 Be6 41.Kh2 Qd4 42.Re3 a5
43.h4 Kh7 44.h5 Kg7 45.g4 Qd2+ 46.Kg1 Qc1+ 47.Kh2 Qd2+  1/2-1/2

[Event "IM Closed"]
[Site "Martinenc ESP"]
[Date "2001.01.17"]
[Round "10"]
[White "Fluvia Poyatos,J"]
[Black "Gallego,R"]
[Result "1-0"]
[WhiteElo "2421"]
[BlackElo "2298"]

1.e4 c5 2.Nf3 e6 3.d4 cxd4 4.Nxd4 a6 5.Bd3 Bc5 6.Nb3 Ba7 7.Nc3 Nc6 8.O-O d6
9.Kh1 e5 10.Bc4 Nge7 11.f4 O-O 12.f5 b5 13.Bd5 Nxd5 14.Nxd5 f6 15.Rf3 Rf7
16.Rg3 Kh8 17.Qh5 Qg8 18.Nd2 Bb7 19.Nf3 Ne7 20.Nxe7 Rxe7 21.Nh4 Qe8 22.Ng6+ Kg8
23.Nxe7+ Qxe7 24.Bh6 Rc8 25.Rd1 Bc5 26.Rdd3  1-0

[Event "Corus Reserve Gp"]
[Site "Wijk aan Zee NED"]
[Date "2001.01.17"]
[Round "2"]
[White "Doggers,P"]
[Black "Popov,L"]
[Result "1/2-1/2"]
[WhiteElo "2161"]
[BlackElo "2347"]

1.e4 c5 2.Nf3 e6 3.d4 cxd4 4.Nxd4 a6 5.Bd3 Ne7 6.O-O Nec6 7.c3 d6 8.Be3 Be7
9.Nd2 Nd7 10.f4 Qc7 11.Qf3 Bf6 12.Qh5 O-O 13.g4 g6 14.Qh6 Bg7 15.Qh4 Qd8
16.g5 Re8 17.Rae1 Nxd4 18.cxd4 b5 19.e5 Bb7 20.Be4 Qb8 21.Bf2 d5 22.Bd3 b4
23.Be3 Bc6 24.Rf3 Bb5 25.Bf2 Bxd3 26.Rxd3 Rc8 27.Rh3 Nf8 28.Nf1 Rc6 29.Ne3 Kh8
30.Ng4 Ra7 31.Nf6 Bxf6 32.gxf6 h5 33.Qg5 Nh7 34.Qg2 Qg8 35.f5 Rc2 36.fxe6 fxe6
37.Rb3 a5 38.a3 Rb7 39.Qf3 Qc8 40.axb4 axb4 41.Be3  1/2-1/2

[Event "Tch-AUT 2000-01"]
[Site "Graz AUT"]
[Date "2001.01.21"]
[Round "8"]
[White "Mueller,Ka"]
[Black "Atlas,V"]
[Result "1/2-1/2"]
[WhiteElo "2525"]
[BlackElo "2472"]

1.e4 c5 2.Nf3 e6 3.d4 cxd4 4.Nxd4 a6 5.Bd3 Qb6 6.Nb3 Qc7 7.O-O d6 8.f4 Nd7
9.a4 b6 10.Nc3 Ngf6 11.Qf3 Bb7 12.Qh3 Be7 13.f5 e5 14.Bg5 h6 15.Bh4 Rg8 16.Rae1 h5
17.Kh1 Rc8 18.Nd2 Qb8 19.Nc4 Bc6 20.Ne3 b5 21.axb5 axb5 22.Bxf6 Nxf6 23.Ncd5 Qb7
24.Nxf6+ Bxf6 25.Qxh5 Ke7 26.Qf3 Rh8 27.Ng4 Ra8 28.Ra1 Rxa1 29.Rxa1 Ra8 30.Rxa8 Qxa8
31.Nxf6 Qa1+ 32.Qf1 Qxf1+ 33.Bxf1 Kxf6 34.Bd3 b4 35.Kg1 d5 36.exd5 Bxd5 37.Kf2 e4
38.Be2 Kxf5 39.Ke3 Ke5 40.h4 f5 41.g3 Bc6 42.Bc4 Ba4 43.c3 bxc3 44.bxc3 Bc2
45.Bb5 Bb1 46.Bc4  1/2-1/2

[Event "Open"]
[Site "Ubeda ESP"]
[Date "2001.01.23"]
[Round "3"]
[White "Sandipan,C"]
[Black "Kobalija,M"]
[Result "1/2-1/2"]
[WhiteElo "2431"]
[BlackElo "2581"]

1.e4 c5 2.Nf3 e6 3.d4 cxd4 4.Nxd4 a6 5.Bd3 Bc5 6.Nb3 Ba7 7.c4 Nc6 8.Nc3 Nge7
9.O-O O-O 10.Qe2 d6 11.Be3 e5 12.Rad1 Be6 13.Nd5 a5 14.c5 a4 15.cxd6 Nxd5
16.exd5 Bxd5 17.Nc5 Qxd6 18.Be4 Ne7 19.Nxb7 Qc6 20.Rxd5 Nxd5 21.Qf3 Qxb7
22.Bxd5 Qb8 23.Bxa8 Qxa8 24.Qxa8 Rxa8 25.Bxa7 Rxa7 26.Rc1 f6 27.h4 Kf7 28.g3 h5
29.Kg2 Ke6 30.Kf3 Kd5 31.Rd1+ Ke6 32.Rc1 Rb7 33.Rc4 Rxb2 34.Rxa4 Kf5 35.Ra7 g5  1/2-1/2

[Event "ch-POL Boys U18"]
[Site "Zakopane POL"]
[Date "2001.01.23"]
[Round "8"]
[White "Jakubowski,K"]
[Black "Chojnacki,K"]
[Result "1-0"]
[WhiteElo "2331"]
[BlackElo "2232"]

1.e4 c5 2.Nf3 e6 3.d4 cxd4 4.Nxd4 a6 5.Bd3 Nf6 6.O-O Qc7 7.Qe2 d6 8.f4 Nbd7
9.Kh1 Be7 10.Nd2 b5 11.a4 b4 12.N2f3 Nc5 13.e5 dxe5 14.fxe5 Nd5 15.Ng5 Bxg5
16.Bxg5 h6 17.Bd2 Nxd3 18.cxd3 O-O 19.Rf3 Qe7 20.Bxh6 gxh6 21.Rg3+ Kh7 22.Nc6 Qh4
23.Rg4 Qh5 24.Rg7+ Kxg7 25.Qxh5 a5 26.Qg4+ Kh8 27.Qh4 Kg7 28.Rf1 Bb7 29.Rf3 Rg8
30.Qh5 Raf8 31.Nd8 Ba8 32.Nxf7  1-0

[Event "6th HIT Open"]
[Site "Nova Gorica SLO"]
[Date "2001.01.28"]
[Round "4"]
[White "Krivec,J"]
[Black "Mocchi,T"]
[Result "1-0"]
[WhiteElo "2219"]
[BlackElo "2352"]

1.e4 c5 2.Nf3 e6 3.d4 cxd4 4.Nxd4 a6 5.Bd3 Bc5 6.Nb3 Ba7 7.O-O Ne7 8.Qe2 Nbc6
9.Be3 e5 10.Bxa7 Rxa7 11.Nc3 d6 12.Nd5 O-O 13.Rad1 Be6 14.f4 exf4 15.Nxf4 Bxb3
16.cxb3 Ne5 17.Bc4 b5 18.Bd5 Qb6+ 19.Kh1 N7g6 20.Nxg6 hxg6 21.Rc1 Rc7 22.Rxc7 Qxc7
23.h3 Qc5 24.Qd2 Rc8 25.Qf4 Qa7 26.Qg5 a5 27.a4 bxa4 28.bxa4 Qd7 29.b3 Qa7
30.Qd2 Qc5 31.Rb1 Qa7 32.b4 axb4 33.Rxb4 Qc5 34.Rb1 Qa3 35.Qa2 Qe3 36.a5 Rc3
37.Rf1 Ra3 38.Bxf7+ Kh7 39.Qd5 Qe2 40.Kg1 Ra2 41.Qxa2  1-0

[Event "6th HIT Open"]
[Site "Nova Gorica SLO"]
[Date "2001.01.29"]
[Round "5"]
[White "Ulucan,T"]
[Black "Bednarich,J"]
[Result "1-0"]
[WhiteElo "2074"]
[BlackElo "2231"]

1.e4 c5 2.Nf3 e6 3.d4 cxd4 4.Nxd4 a6 5.Bd3 Qc7 6.O-O Nf6 7.c4 d6 8.Nc3 Nbd7
9.Be3 Be7 10.Rc1 O-O 11.f4 b6 12.b4 Re8 13.Kh1 Bb7 14.f5 Bf8 15.fxe6 fxe6
16.Bg5 Rac8 17.Qe2 Qb8 18.Bxf6 Nxf6 19.Rxf6 gxf6 20.Qg4+ Kh8 21.Nxe6 Re7
22.Nd5 Bxd5 23.exd5 b5 24.Qf5 Rf7 25.Ng5 fxg5 26.Qxf7 Qc7 27.Qf6+ Qg7 28.Qf5 Re8
29.cxb5 axb5 30.Rf1 g4 31.g3 Qb7 32.Qh5 Qe7 33.Qxg4 Bg7 34.Qf5 Bd4 35.Kg2 Rb8
36.Qe6 Qg5 37.h4 Qg7 38.Rf7  1-0

[Event "80th Ann. FSI"]
[Site "FICS INT"]
[Date "2001.02.01"]
[Round "4"]
[White "Bednarich,J"]
[Black "Corvi,M"]
[Result "0-1"]
[WhiteElo "2231"]
[BlackElo "2319"]

1.e4 c5 2.Nf3 e6 3.d4 cxd4 4.Nxd4 a6 5.Bd3 Qc7 6.O-O Nf6 7.Qe2 d6 8.c4 Be7
9.Nc3 Nbd7 10.b3 O-O 11.Bb2 b6 12.Rad1 Bb7 13.f4 Rfe8 14.Kh1 Rac8 15.Rde1 e5
16.Nf5 Bf8 17.Nd5 Bxd5 18.exd5 exf4 19.Qf2 Ne5 20.Be2 Ng6 21.Bd4 b5 22.cxb5 Qc2
23.Bc4 Qxf5 24.bxa6 Ng4 25.Qf3 Nh4 26.Qh3 Rxe1 27.Rxe1 Ng6 28.a7 Qf6 29.Bxf6 Nf2+
30.Kg1 Nxh3+ 31.gxh3 gxf6 32.Re4 Ra8 33.a4 Rxa7 34.Re2 Bh6 35.Ra2 Ne5 36.Be2 f3
37.Bb5 Be3+ 38.Kf1 Rc7 39.Ra1 Rc2 40.a5 Rxh2 41.Ke1 f2+ 42.Kf1 Ba7 43.a6 Rh1+
44.Kg2 Rxa1 45.Bf1 Kg7 46.b4 f5 47.b5 Kf6 48.h4 Rxf1 49.Kxf1 Nd3 50.b6 Bxb6
51.a7 Bxa7 52.Ke2 Nb4 53.Kf1 Nxd5 54.Ke2 Nf4+ 55.Kf1 Ng6 56.Ke2 Nxh4 57.Kf1 Kg5
58.Ke2 Kg4 59.Kf1 Kg3 60.Ke2 Kg2 61.Kd3 f1=Q+ 62.Kc3 Qf4 63.Kb3 Qe4 64.Kb2 f4  0-1

[Event "FSGM February"]
[Site "Budapest HUN"]
[Date "2001.02.03"]
[Round "1"]
[White "Horvath,Ad"]
[Black "Szieberth,A"]
[Result "1-0"]
[WhiteElo "2478"]
[BlackElo "2400"]

1.e4 c5 2.Nf3 e6 3.d4 cxd4 4.Nxd4 a6 5.Bd3 Nf6 6.O-O Qc7 7.Qe2 d6 8.c4 Bd7
9.Nc3 Nc6 10.Be3 Be7 11.Rac1 Ne5 12.h3 Rc8 13.b3 O-O 14.f4 Ng6 15.g4 h6 16.Nf3 Qb8
17.Kh1 b5 18.e5 dxe5 19.fxe5 Nxe5 20.Bf4 Nxd3 21.Bxb8 Nxc1 22.Rxc1 Rxb8 23.Ne5 bxc4
24.Nxd7 Nxd7 25.Qxc4 Rbc8 26.Qd4 Bg5 27.Rd1 Bf6 28.Qxd7 Rxc3 29.Qb7 Rfc8
30.Qxa6 Rxh3+ 31.Kg2 Re3 32.Qxc8+  1-0

[Event "It"]
[Site "Bajmok YUG"]
[Date "2001.02.05"]
[Round "11"]
[White "Milu,R"]
[Black "Petre,NT"]
[Result "1/2-1/2"]
[WhiteElo "2432"]
[BlackElo "2327"]

1.e4 c5 2.Nf3 e6 3.d4 cxd4 4.Nxd4 a6 5.Bd3 Nf6 6.O-O Qc7 7.Qe2 d6 8.c4 Nbd7
9.Nc3 Be7 10.Nf3 O-O 11.h3 Ne5 12.Nxe5 dxe5 13.Be3 Bd7 14.Rac1 b6 15.a3 a5
16.Rfd1 Rfd8 17.Bc2 Bc5 18.Bg5 Bc6 19.Rxd8+ Qxd8 20.Rd1 Qf8 21.Ba4 Nxe4 22.Bxc6 Bxf2+
23.Kh2 Bg3+ 24.Kg1 Bf2+ 25.Kh2  1/2-1/2

[Event "12th Goodricke Open"]
[Site "Calcutta IND"]
[Date "2001.02.09"]
[Round "4"]
[White "Sareen,V"]
[Black "Miezis,N"]
[Result "1/2-1/2"]
[WhiteElo "2343"]
[BlackElo "2532"]

1.e4 c5 2.Nf3 e6 3.d4 cxd4 4.Nxd4 a6 5.Bd3 Nc6 6.Nxc6 dxc6 7.O-O e5 8.Nd2 Nf6
9.Nc4 Qc7 10.a4 Be6 11.Qf3 h5 12.Be3 h4 13.h3 Nd7 14.a5 f6 15.Nb6 Nxb6 16.Bxb6 Qf7
17.Be2 Be7 18.Rfd1 g6 19.Qc3 O-O 20.Rd2 Rae8 21.Rad1 f5 22.exf5 gxf5 23.Qxe5 Kh7
24.Bh5 Qxh5 25.Qxe6 Rg8 26.Qe2 Qg6 27.Qf3 Rg7 28.Rd7 Bf6 29.Rxg7+ Bxg7 30.Bd4 Bh6
31.Bc3 Qf7 32.Rd4 Bg5 33.Qd3 Kg6 34.Rd7 Re7 35.Qd6+ Kh5 36.Qd1+ Kg6 37.Qd6+ Kh5
38.Rxe7 Qxe7 39.Qxe7 Bxe7 40.g3 hxg3 41.fxg3 Bd8 42.Kg2 Bc7 43.Kf3 Bd6 44.Bd2 Be5
45.b3 Bc7 46.g4+ fxg4+ 47.hxg4+ Kg6 48.Ke4 Kf6 49.Kd4 Bd6 50.Kc4 Ke5 51.Kd3 Bc5
52.c4 Be7 53.Ke3 Bg5+ 54.Kd3 Bd8 55.Ke3 Bg5+ 56.Kd3 Be7 57.Ke3 Bc5+ 58.Ke2 Bd4
59.Bb4 Bb2 60.Bc5 Bc3  1/2-1/2

[Event "TCh-SVK"]
[Site "SVK"]
[Date "2001.02.10"]
[Round "8"]
[White "Pokorna,Reg"]
[Black "Zpevak,P"]
[Result "0-1"]
[WhiteElo "2363"]
[BlackElo "2358"]

1.e4 c5 2.Nf3 e6 3.d4 cxd4 4.Nxd4 a6 5.Bd3 Qc7 6.O-O Nf6 7.c4 g6 8.Nb3 d6
9.f4 Bg7 10.Nc3 b6 11.Be3 Bb7 12.Rc1 Nbd7 13.Nd2 Nc5 14.Bb1 Rd8 15.b4 Ncd7
16.Qe2 O-O 17.Nb3 Rfe8 18.Kh1 Qb8 19.Bg1 Nh5 20.Be3 Nhf6 21.Bd3 Qa8 22.Nd2 Nh5
23.Na4 d5 24.Bxb6 dxe4 25.Bxe4 Nxb6 26.Nxb6 Qa7 27.Bxb7 Qxb6 28.Be4 Qxb4
29.Nb3 Bh6 30.g3 e5 31.Bc6 Re7 32.Rce1 Rc7 33.Bf3 exf4 34.Bxh5 gxh5 35.Qxh5 Bg7
36.gxf4 Qb7+ 37.Qf3 Qxf3+ 38.Rxf3 Rxc4 39.Re2 Rd1+ 40.Kg2 Kf8 41.Kg3 Rg1+
42.Kf2 Rg4 43.f5 Bf6 44.h3 Bh4+ 45.Kf1 Rgf4 46.Kg2 Kg7 47.Nd2 Ra4 48.Rxf4 Rxf4
49.Nf3 Bf6 50.Re3 Rxf5 51.Ra3 a5 52.Nd2 Bd8 53.Nc4 Rc5 54.Nd6 Be7 55.Rg3+ Kf8
56.Ne4 Rc2+ 57.Kf3 Rxa2 58.Kg4 Re2 59.Nc3 Re5 60.Rf3 Rc5 61.Ne4 Rc4 62.Kf5 a4
63.Rf2 a3 64.Ra2 Rb4 65.Kf4 Rb3 66.Kg4 Rb2 67.Ra1 Rb5 68.Nc3 Rb4+ 69.Kf5 Rb3
70.Nd5 Rxh3 71.Rb1 a2 72.Ra1 Ra3  0-1

[Event "1st Open de L'Estuaire"]
[Site "Trignac FRA"]
[Date "2001.02.14"]
[Round "6"]
[White "Berthelot,Y"]
[Black "Velikov,P"]
[Result "0-1"]
[WhiteElo "2281"]
[BlackElo "2461"]

1.e4 c5 2.Nf3 e6 3.d4 cxd4 4.Nxd4 a6 5.Bd3 Bc5 6.Nb3 Ba7 7.O-O Nc6 8.Qg4 Qf6
9.Nc3 Nge7 10.Bg5 Qg6 11.Qh4 f6 12.Bd2 Ne5 13.Be2 Qf7 14.Kh1 g5 15.Qh6 N7g6
16.f4 gxf4 17.Bxf4 Nxf4 18.Rxf4 Ke7 19.Raf1 Re8 20.Qxf6+ Qxf6 21.Rxf6 b5
22.h4 Rg8 23.Kh2 Rg7 24.Kh3 Bb7 25.Na5 Rag8 26.Nxb7 Rg3+ 27.Kh2 Rxg2+ 28.Kh1 Bg1  0-1

[Event "12th Goodricke Open"]
[Site "Calcutta IND"]
[Date "2001.02.15"]
[Round "10"]
[White "Dworakowska,J"]
[Black "Gokhale,J"]
[Result "0-1"]
[WhiteElo "2354"]
[BlackElo "2322"]

1.e4 c5 2.Nf3 e6 3.d4 cxd4 4.Nxd4 a6 5.Bd3 g6 6.c4 Bg7 7.Nf3 d6 8.O-O Nf6
9.Nc3 O-O 10.Be2 Ng4 11.Nd4 Ne5 12.Be3 Qc7 13.Rc1 f5 14.Qd2 Nf7 15.exf5 gxf5
16.b4 f4 17.Bxf4 e5 18.Bg5 Nxg5 19.Qxg5 exd4 20.Nd5 Qd8 21.Ne7+ Kh8 22.Bd3 Bf6
23.Ng6+ Kg7 24.Qg3 Re8 25.Ne7+ Kf7 26.Nxc8 Qxc8 27.Bxh7 Nd7 28.Bg6+ Kf8 29.Bxe8 Qxe8
30.Qxd6+ Qe7 31.Qxe7+ Kxe7 32.c5 Ne5 33.f4 Ng4 34.Rf3 Rd8 35.h3 Ne3 36.a3 Kf7
37.Kh2 Nd5 38.c6 bxc6 39.Rxc6 Ne7 40.Rc1 Nd5 41.g4 Re8 42.g5 Bg7 43.h4 Re2+
44.Kh3 d3 45.h5 d2 46.Rd1 Nc3 47.g6+ Ke7 48.Rxd2 Rxd2 49.h6 Bxh6 50.Rxc3 Rd6
51.f5 Kf6 52.Kg4 Rd4+ 53.Kh5 Bf8  0-1

[Event "It Women"]
[Site "Tel Aviv ISR"]
[Date "2001.02.20"]
[Round "1"]
[White "Madl,I"]
[Black "Igla,B"]
[Result "1-0"]
[WhiteElo "2394"]
[BlackElo "2117"]

1.e4 c5 2.Nf3 e6 3.d4 cxd4 4.Nxd4 a6 5.Bd3 Nf6 6.O-O e5 7.Ne2 Nc6 8.c4 Bc5
9.Bg5 h6 10.Bxf6 Qxf6 11.Nbc3 d6 12.Nd5 Qd8 13.Qd2 O-O 14.b4 Ba7 15.Kh1 Be6
16.Nec3 Rc8 17.Rab1 Nd4 18.a4 f5 19.exf5 Bxf5 20.Bxf5 Rxf5 21.Rbe1 Qd7 22.f4 Rcf8
23.Qd3 Kh8 24.fxe5 dxe5 25.a5 Nc6 26.Rxf5 Qxf5 27.Qxf5 Rxf5 28.Ne4 Bd4 29.h3 Rf8
30.Kh2 Nd8 31.h4 Ne6 32.Nd6 Nd8 33.Rd1 Rf2 34.Kg3 Rc2 35.Rf1 Ne6 36.Rf7 e4
37.Nxe4 Rxc4 38.Rxb7 Be5+ 39.Kf3 Nd4+ 40.Kg4 Nc6 41.Kf3 Nd4+ 42.Kf2 Nb3 43.Ke3 Rd4
44.Ne7 Bh2 45.h5 Bg1+ 46.Kf3 Rd3+ 47.Kg4 Rd8 48.Nf5 Nd4 49.Ned6 Rf8 50.Nxd4 Bxd4
51.b5 axb5 52.Nxb5 Be3 53.a6 Rf4+ 54.Kg3 Ra4 55.Kf3 Bg1 56.a7 Kh7 57.g3 Ra5
58.Ke4 Bf2 59.g4 Bg1 60.Kd3 Ra4 61.Kc3 Bxa7 62.Rxa7 Rxg4 63.Nd4 Rg5 64.Ne6 Rxh5
65.Rxg7+ Kh8 66.Kd4 Rh1 67.Ra7 h5 68.Ke5 h4 69.Kf6 Rf1+ 70.Kg6 Rg1+ 71.Ng5  1-0

[Event "ENG-GER match women"]
[Site "Battle Abbey ENG"]
[Date "2001.02.22"]
[Round "7"]
[White "Schlander,S"]
[Black "Lauterbach,I"]
[Result "1-0"]
[WhiteElo "2074"]
[BlackElo "2179"]

1.e4 c5 2.Nf3 e6 3.d4 cxd4 4.Nxd4 a6 5.Bd3 Qc7 6.O-O g6 7.c3 Bg7 8.Be3 Nf6
9.f4 O-O 10.Qe2 Nc6 11.Nd2 d5 12.e5 Nd7 13.h4 f6 14.Nxe6 Qa5 15.Nb3 Qa4 16.Nxf8 Bxf8
17.e6 Ndb8 18.g3 Ne7 19.Nc5 Qc6 20.f5 Nxf5 21.Bxf5 Bxc5 22.Bh3 Be7 23.Bd4 Qc7
24.Qe3 f5 25.h5 Nc6 26.hxg6 hxg6 27.Bb6 Qd6 28.Rae1 Kg7 29.g4 Bf6 30.gxf5 d4
31.Qd3 Ne5 32.Rxe5 Qxb6 33.Qxd4 Qc7 34.Rfe1 g5 35.Qe3 Bxe5 36.Qxe5+ Qxe5
37.Rxe5 Kf6 38.Rc5 b5 39.Rc7 Rb8 40.Rf7+ Ke5 41.Rf8 Bxe6 42.Rxb8 Bxa2 43.Rb6 Bb1
44.Rxa6 Bd3 45.Bf1 Bxf5 46.Bxb5 Kd5 47.Be2 Ke4 48.Kf2 g4 49.Ra4+ Kd5 50.Ra5+ Ke6
51.Rxf5  1-0

[Event "It Women"]
[Site "Tel Aviv ISR"]
[Date "2001.02.22"]
[Round "3"]
[White "Lakos,N"]
[Black "Igla,B"]
[Result "1-0"]
[WhiteElo "2347"]
[BlackElo "2117"]

1.e4 c5 2.Nf3 e6 3.d4 cxd4 4.Nxd4 a6 5.Bd3 Nf6 6.O-O e5 7.Nf3 d6 8.h3 Be7
9.c4 Be6 10.Ng5 Nc6 11.Nc3 O-O 12.Be3 Nd7 13.Qd2 Bxg5 14.Bxg5 f6 15.Be3 Nc5
16.Be2 Qe7 17.Rad1 Rad8 18.b3 Qe8 19.Bg4 Bxg4 20.hxg4 Qf7 21.f3 Ne6 22.Ne2 Qc7
23.Qd5 Rfe8 24.g3 Nb4 25.Qd2 Nc6 26.Rc1 Rd7 27.Rfd1 Qa5 28.Qxa5 Nxa5 29.Rd5 Nc6
30.Rcd1 Ned4 31.Bxd4 exd4 32.Nxd4 Nb4 33.Ra5 Re5 34.Ra4 a5 35.a3 Nc6 36.Nb5 Kf7
37.Rxd6 Ke7 38.Rxd7+ Kxd7 39.b4 b6 40.Kf2 h5 41.gxh5 Rxh5 42.Ke3 f5 43.Nd4 fxe4
44.Nxc6 Kxc6 45.Kxe4 axb4 46.axb4 Rh1 47.Ra7 g6 48.Rg7 Re1+ 49.Kf4 Re6 50.Kg5  1-0

[Event "5th United Insurance"]
[Site "Dhaka BAN"]
[Date "2001.02.23"]
[Round "5"]
[White "Sandipan,C"]
[Black "Miezis,N"]
[Result "0-1"]
[WhiteElo "2431"]
[BlackElo "2532"]

1.e4 c5 2.Nf3 e6 3.d4 cxd4 4.Nxd4 a6 5.Bd3 Nc6 6.Nxc6 dxc6 7.Nd2 e5 8.Nc4 Nf6
9.O-O Qc7 10.f4 Ng4 11.Qf3 Bc5+ 12.Kh1 Be6 13.fxe5 O-O-O 14.Bf4 h5 15.c3 Kb8
16.b4 Be7 17.Rad1 g5 18.Bc1 Rxd3 19.Qxd3 Rd8 20.Nd6 Nxe5 21.Qg3 Bxd6 22.Qxg5 Bg4
23.Rd4 Be7 24.Qh6 Be2 25.Re1 Ng4 26.Qf4 Rxd4 27.cxd4 Bc4 28.h3 Nf6 29.d5 Qxf4
30.Bxf4+ Kc8 31.d6 Bd8 32.Bg5 Bxa2 33.e5 Ne8 34.Bxd8 Kxd8 35.Re4 Bb1 36.Rh4 Bg6
37.g4 Ng7 38.gxh5 Bxh5 39.Kg2 Kd7 40.Rf4 Bg6 41.Kf3 Ne6 42.Rh4 c5 43.bxc5 Nxc5
44.Ke3 a5 45.Kd4 Ne6+ 46.Kc3 b5 47.Rh8 Nd8 48.h4 Nc6 49.h5 Bf5 50.h6 b4+
51.Kd2 Nxe5 52.h7 Nc4+ 53.Ke2 Bxh7 54.Rxh7 Nxd6 55.Kd3 Kc6 56.Rh8 a4 57.Ra8 Kb5
58.Rb8+ Kc5 59.Ra8 a3 60.Kc2 Kc4 61.Rb8 f5 62.Rb6 Ne4 63.Rc6+ Nc5 64.Rc8 b3+
65.Kb1 f4 66.Rf8 Nd3 67.Rc8+ Kb4 68.Rf8 Kc3 69.Rc8+ Kd2 70.Rb8 f3  0-1

[Event "It Blind"]
[Site "Linares ESP"]
[Date "2001.02.23"]
[Round "1"]
[White "Krylov,Se"]
[Black "Devos,Pi"]
[Result "1-0"]
[WhiteElo "2341"]
[BlackElo "2218"]

1.e4 c5 2.Nf3 e6 3.d4 cxd4 4.Nxd4 a6 5.Bd3 Qc7 6.Qe2 d6 7.Nc3 Nd7 8.f4 Ngf6
9.Nb3 Be7 10.Bd2 b5 11.a4 b4 12.Nd1 d5 13.Nf2 dxe4 14.Nxe4 Bb7 15.Nxf6+ Nxf6
16.f5 e5 17.c3 e4 18.Bc4 O-O 19.cxb4 e3 20.Bc3 Bxg2 21.Rg1 Bf3 22.Qxf3 Qxc4
23.Na5 Qh4+ 24.Qg3 Ne4 25.Qxh4 Bxh4+ 26.Ke2 Bf6 27.Bxf6 Nxf6 28.Nc6 Rfe8
29.b5 Nd5 30.Rgd1 Nf4+ 31.Kf3 e2 32.Re1 Nd5 33.Rxe2 Rxe2 34.Kxe2 axb5 35.Rd1 Nb6
36.a5 Nc4 37.b3 Re8+ 38.Kf3  1-0

[Event "Czech Extra League 2000-1"]
[Site "CZE"]
[Date "2001.02.24"]
[Round "6"]
[White "Plachetka,J"]
[Black "Votava,J"]
[Result "0-1"]
[WhiteElo "2416"]
[BlackElo "2510"]

1.e4 c5 2.Nf3 e6 3.d4 cxd4 4.Nxd4 a6 5.Bd3 Nf6 6.O-O d6 7.c4 Be7 8.Nc3 O-O
9.Be3 Nc6 10.Rc1 Bd7 11.Nb3 Ne5 12.Be2 b5 13.c5 dxc5 14.Nxc5 b4 15.N3a4 Bb5
16.Re1 Qxd1 17.Bxd1 Nc4 18.Bg5 h6 19.Bh4 g5 20.Bg3 Rac8 21.e5 Nd5 22.Ne4 Bxa4
23.Bxa4 Nxb2 24.Bb3 Nd3 25.Rxc8 Rxc8 26.Rd1 Rc1 27.Rxc1 Nxc1 28.Kf1 h5 29.h3 a5
30.Ke1 Nd3+ 31.Kd2 N3f4 32.Nd6 Nc3 33.Bxf4 gxf4 34.Kd3 Bxd6 35.exd6 Kf8 36.a3 Ke8
37.axb4 axb4 38.Kc4 Kd7 39.Kxb4 Ne4 40.h4 Nxf2 41.Kc5 Nd3+ 42.Kd4 Ne1 43.Ke5 Nxg2
44.Ba4+ Kd8 45.Bd1 Nxh4 46.Kxf4 f6 47.Bxh5 Kd7 48.Bd1 Nf5 49.Bc2 Nd4 50.Bb1 Kxd6
51.Ba2 Ne2+ 52.Ke3 Nc3 53.Bb3 Ke5 54.Bc2 f5 55.Bb3 Nb5 56.Bc4 Nd4 57.Ba2 Nc2+
58.Kd2 Nb4 59.Bb3 Nd5 60.Kd3 Kf4 61.Kd4 Nc7 62.Kc5 e5 63.Bf7 e4 64.Kc6 e3
65.Bh5 Ne8  0-1